| 000 | 00902nam a22002657a 4500 | ||
|---|---|---|---|
| 999 |
_c2158 _d2158 |
||
| 003 | AR-CdUCM | ||
| 008 | 190304b ||||| |||| 00| 0 spa d | ||
| 040 |
_aMUNICIPALIDAD PROVINCIAL DEL CUSCO _cBIBLIOTECA MUNICIPAL DEL CUSCO |
||
| 041 | _heng | ||
| 082 |
_a985.019 / _bB28 |
||
| 100 |
_aBauer, Brian S _93012 |
||
| 245 |
_aAvances en ArqueologÃa Andina / _cBauer, Brian S |
||
| 260 |
_aCusco : _bCentro de Estudios Regionales Andinos " Bartlome de las casas " _c1992. |
||
| 300 |
_a141 paginas : _bilustraciones, _c24cm. |
||
| 500 | _aArchivos de Prehistoria Andina 16 | ||
| 505 | _aCapitulo 1 -- Capitulo 2 -- Capitulo 3 -- Capitulo 4 | ||
| 650 |
_aCaminos Rituales _97792 |
||
| 650 |
_aPacariqtambo _97793 |
||
| 650 |
_aCusco _9772 |
||
| 650 |
_aIncas _9303 |
||
| 650 |
_aArqueologia _9371 |
||
| 700 |
_aFlores Espinoza, Javier _97794 |
||
| 942 |
_2ddc _cLIBROS |
||
| 945 |
_apjha _d2019-03-04 |
||